[Event "Bochum-ch"]
[Site "Bochum"]
[Date "2004.05.05"]
[Round "1"]
[White "Salin, Armin"]
[Black "Bartel, Mario"]
[Result "0-1"]
[WhiteElo "1688"]
[BlackElo "2047"]
[PlyCount "68"]
[EventDate "2004.05.05"]
[EventType "swiss"]
[EventRounds "7"]
[EventCountry "GER"]
[SourceTitle "EXT 2006"]
[Source "ChessBase"]
[SourceDate "2005.11.24"]
[SourceVersion "1"]
[SourceVersionDate "2005.11.24"]
[SourceQuality "1"]

1. d4 d5 2. c4 e6 3. Nc3 Nf6 4. cxd5 exd5 5. Bg5 Nbd7 6. e3 Be7 7. Bd3 0-0 8. Nge2 c6 9. 0-0 Ne4 10. Nxe4 dxe4 11. Bxe7 Qxe7 12. Bc2 Nf6 13. h3 Nd5 14. Nc3 f5 15. Nxd5 cxd5 16. f4 exf3 17. Qxf3 Be6 18. Bb3 Rad8 19. Rac1 g6 20. Qf4 Bf7 21. Rc7 Qb4 22. Rfc1 a5 23. Bd1 Qxb2 24. a4 Qb4 25. Be2 Rde8 26. Bb5 Re4 27. Qf2 f4 28. Rxb7 fxe3 29. Qg3 Qxd4 30. Kh2 e2 31. Re1 Re3 32. Qg4 Qe5+ 33. Kg1 Re4 34. Qf3 Be8 0-1

[Event "Bochum-ch"]
[Site "Bochum"]
[Date "2002.11.13"]
[Round "4"]
[White "Salin, Armin"]
[Black "Fieberg, Norbert"]
[Result "1/2-1/2"]
[WhiteElo "1554"]
[BlackElo "1796"]
[PlyCount "88"]
[EventDate "2002.10.23"]
[EventType "swiss"]
[EventRounds "9"]
[EventCountry "GER"]
[SourceTitle "EXT 2006"]
[Source "ChessBase"]
[SourceDate "2005.11.24"]
[SourceVersion "1"]
[SourceVersionDate "2005.11.24"]
[SourceQuality "1"]

1. d4 d5 2. c4 c6 3. e3 Nf6 4. cxd5 cxd5 5. Bd3 Nc6 6. Nf3 a6 7. h3 Bd7 8. Bd2 Rc8 9. 0-0 h6 10. b4 g5 11. Ne5 Qc7 12. Nxd7 Qxd7 13. a3 Bg7 14. Nc3 b5 15. Rc1 0-0 16. g4 Qd6 17. f4 gxf4 18. Rxf4 e5 19. dxe5 Nxe5 20. Bb1 Rfd8 21. Qf1 Rc7 22. Be1 Nc4 23. Qd3 Qe6 24. Bf2 Nxa3 25. Ne2 Rxc1+ 26. Nxc1 Nxb1 27. Qxb1 Ne4 28. Nd3 Nc3 29. Qe1 Ne4 30. Rf5 Bc3 31. Qd1 Qd6 32. Be1 d4 33. Qb3 Rf8 34. Rd5 Qb6 35. Nc5 Bxe1 36. Nxe4 dxe3 37. Rd6 Bf2+ 38. Kf1 Qc7 39. Nf6+ Kg7 40. Qd3 Qc1+ 41. Kg2 Qg1+ 42. Kf3 Qh1+ 43. Ke2 Qe1+ 44. Kf3 Qh1+ 1/2-1/2

[Event "Bochum-ch"]
[Site "Bochum"]
[Date "2001.12.07"]
[Round "6"]
[White "Salin, Armin"]
[Black "Sieberg, Rolf"]
[Result "0-1"]
[WhiteElo "1649"]
[BlackElo "1681"]
[PlyCount "62"]
[EventDate "2001.10.22"]
[EventType "swiss"]
[EventRounds "9"]
[EventCountry "GER"]
[SourceTitle "EXT 2006"]
[Source "ChessBase"]
[SourceDate "2005.11.24"]
[SourceVersion "1"]
[SourceVersionDate "2005.11.24"]
[SourceQuality "1"]

1. d4 Nf6 2. c4 g6 3. Nc3 Bg7 4. e4 d6 5. Bd3 Nbd7 6. Nge2 0-0 7. 0-0 c5 8. d5 Ne5 9. f4 Nxd3 10. Qxd3 Ne8 11. Be3 f5 12. e5 dxe5 13. fxe5 Bxe5 14. Bxc5 b6 15. Bd4 Qc7 16. Bxe5 Qxe5 17. Rae1 Nd6 18. Nd4 Qf6 19. Ne6 Rf7 20. Rf2 Bxe6 21. Rxe6 Qg7 22. Rfe2 Rc8 23. b3 Nb7 24. Rc6 Rxc6 25. dxc6 Nd6 26. Nb5 Qa1+ 27. Kf2 Ne4+ 28. Ke3 Qg1+ 29. Kf3 Qxh2 30. Qd8+ Kg7 31. Qd4+ e5 0-1

[Event "Bochum-ch"]
[Site "Bochum"]
[Date "2001.11.19"]
[Round "5"]
[White "Mrowetz, Josef"]
[Black "Salin, Armin"]
[Result "0-1"]
[WhiteElo "1276"]
[BlackElo "1649"]
[PlyCount "60"]
[EventDate "2001.10.22"]
[EventType "swiss"]
[EventRounds "9"]
[EventCountry "GER"]
[SourceTitle "EXT 2006"]
[Source "ChessBase"]
[SourceDate "2005.11.24"]
[SourceVersion "1"]
[SourceVersionDate "2005.11.24"]
[SourceQuality "1"]

1. Nh3 Nf6 2. g3 d5 3. f4 e6 4. Bg2 Be7 5. d4 0-0 6. 0-0 b6 7. Nf2 Bb7 8. Nd2 c5 9. c3 cxd4 10. cxd4 Nc6 11. e3 Rc8 12. Ng4 Nb4 13. Nxf6+ Bxf6 14. Qf3 Qc7 15. g4 Ba6 16. Rd1 Bd3 17. g5 Be7 18. a4 Qc2 19. Bf1 Rc7 20. Bxd3 Nxd3 21. e4 Nxb2 22. Bxb2 Qxb2 23. Qf2 dxe4 24. Nxe4 Rc2 25. Qh4 Rfc8 26. Rab1 Qa3 27. Nf6+ gxf6 28. gxf6 Bf8 29. Kh1 Qf3+ 30. Kg1 Qg2# 0-1

[Event "Bochum-ch"]
[Site "Bochum"]
[Date "2001.11.12"]
[Round "4"]
[White "Wiegmann, Wilhelm"]
[Black "Salin, Armin"]
[Result "1-0"]
[WhiteElo "1364"]
[BlackElo "1649"]
[PlyCount "61"]
[EventDate "2001.10.22"]
[EventType "swiss"]
[EventRounds "9"]
[EventCountry "GER"]
[SourceTitle "EXT 2006"]
[Source "ChessBase"]
[SourceDate "2005.11.24"]
[SourceVersion "1"]
[SourceVersionDate "2005.11.24"]
[SourceQuality "1"]

1. d4 Nf6 2. c4 e6 3. e3 b6 4. Nc3 Bb4 5. Nf3 Bb7 6. Be2 0-0 7. Qc2 c5 8. b3 cxd4 9. exd4 Be4 10. Qb2 d5 11. 0-0 Nc6 12. Rd1 a6 13. Bf4 Nh5 14. Be3 Be7 15. Ne5 Nxe5 16. dxe5 g6 17. Nxe4 Qc7 18. cxd5 exd5 19. Rxd5 Rfd8 20. Rxd8+ Rxd8 21. Bxh5 gxh5 22. Bh6 Qd7 23. h3 Qe6 24. Bg5 Bxg5 25. Nxg5 Qf5 26. Nf3 b5 27. Re1 Rc8 28. Qa3 Qe6 29. Qb4 Rc2 30. Nd4 Qb6 31. Nxc2 1-0